Loading...
| Fine Arts - Classical Music | 0 | 7 | 0 | 1 | 70 | 46 | 84.43 | 1 | 5 | 20.91 | 40.91 |
| Fine Arts - Painting and Sculpture | 0 | 7 | 1 | 0 | 65 | 39 | 64.14 | 2 | 6 | 30.84 | 46.59 |
| History - European | 0 | 3 | 0 | 1 | 30 | 76 | 101.67 | 1 | 2 | 5.80 | 11.36 |
| Mythology | 0 | 2 | 0 | 1 | 20 | 101 | 113.00 | 0 | 0 | 2.19 | 4.55 |
| Religion | 0 | 2 | 0 | 0 | 20 | 95 | 101.00 | 0 | 0 | 1.73 | 7.95 |
| History - World | 0 | 2 | 0 | 1 | 20 | 93 | 117.50 | 0 | 0 | 2.38 | 6.82 |
| Literature - European | 0 | 2 | 0 | 0 | 20 | 87 | 114.00 | 0 | 1 | 3.40 | 10.23 |
| Science - Chemistry | 0 | 2 | 1 | 1 | 15 | 107 | 108.50 | 0 | 1 | 0.94 | 10.23 |
| Literature - British | 0 | 1 | 0 | 0 | 10 | 95 | 95.00 | 0 | 0 | 3.18 | 3.41 |
| History - American | 0 | 1 | 0 | 0 | 10 | 56 | 56.00 | 0 | 1 | 5.26 | 6.82 |
| Literature - American | 0 | 1 | 0 | 0 | 10 | 72 | 72.00 | 0 | 1 | 4.55 | 7.95 |
| Other Academic | 0 | 1 | 0 | 0 | 10 | 94 | 94.00 | 0 | 0 | 6.55 | 16.67 |
| Science - Biology | 0 | 1 | 0 | 0 | 10 | 78 | 78.00 | 0 | 0 | 2.53 | 4.55 |
| History - Other | 0 | 1 | 1 | 0 | 5 | 96 | 96.00 | 0 | 1 | 1.94 | 6.82 |
| Social Science | 0 | 1 | 1 | 0 | 5 | 78 | 78.00 | 0 | 1 | 2.53 | 5.68 |
| Literature - World | 0 | 1 | 1 | 0 | 5 | 104 | 104.00 | 0 | 1 | 2.34 | 6.82 |
| Fine Arts - Other | 0 | 1 | 1 | 0 | 5 | 55 | 55.00 | 1 | 1 | 5.44 | 9.09 |